000 00969cam a2200277 i 4500
001 577
005 20231211141655.0
020 _a9780531233597 (library binding)
020 _a9780531251577 (pbk.)
040 _aDLC
_beng
_cDLC
_erda
_dDLC
050 0 0 _aQL638.95.L3
_bG765 2013
082 0 0 _a597.3/3
_223
100 1 _aGregory, Josh.
245 1 0 _aGreat white sharks /
_cby Josh Gregory.
260 _aNew York :
_bScholastic.
_c2014
300 _a48 pages :
_bcolor illustrations, color maps ;
_c22 cm.
490 0 _aNature's children
505 0 _aS
505 0 _aUnderwater warriors -- Hunting in the depths -- Shark life -- Past and present predators -- Sharing the seas with sharks.
520 _aAn introduction to the characteristics and habitat of the great white shark.
521 _a940
_bLexile
521 _aS
_bRaz-Plus
650 0 _aWhite shark
_vJuvenile literature.
906 _a7
_bcbc
_corignew
_d1
_eecip
_f20
_gy-gencatlg
942 _2ddc
_cBK
_n0
999 _c577
_d577